00796nam a2200229 i 450000100060000000300090000600500170001500800390003201500170007104000350008808000080012310000430013124500580017426000440023230000260027638000170030249000540031965000250037371000520039883000180045085600980046821466KOSZ 00520201104105359.0040519s1976 pl f 000 0 pol aPB 1976/2160 aWA NcKOSZ 005/RWdKOSZ 005/RW a3781 aSzczepański, Jand(1913-2004)eAutor10aSzkice o szkolnictwie wyższym /cJan Szczepański. aWarszawa :b"Wiedza Powszechna",c1976. a161, [3] s. ;c19 cm. aKsiążki.1 aOmega : biblioteka wiedzy współczesnej ;v293. 4aSzkolnictwo wyższe2 aPaństwowe Wydawnictwo Wiedza Powszechna4pbl. 0aOmega ;v293. uhttp://koha.tu.koszalin.pl/cgi-bin/koha/opac-detail.pl?biblionumber=21466yKatalog online BPK